3 Biggest Moons of Every Planet in the Solar System - Statistics

General Stats
  • This quiz has been taken 16 times
  • The average score is 11 of 15
Answer Stats
Moon % Correct
Luna
100%
Ganymede
93%
Titan
93%
Deimos
87%
Io
87%
Phobos
87%
Callisto
80%
Titania
73%
Triton
67%
Rhea
60%
Iapetus
53%
Oberon
53%
Umbriel
53%
Proteus
47%
Nereid
40%
No matching quizzes found
Score Distribution
Percent of People with Each Score
Percentile by Number Answered
Your Score History
You have not taken this quiz